Contaminated land (past pollution - a present problem?) (Sound recording). (Record no. 85211)

MARC details
000 -LEADER
fixed length control field 01380cgm a2200325 4500
001 - CONTROL NUMBER
control field E1825
008 - FIXED-LENGTH DATA ELEMENTS--GENERAL INFORMATION
fixed length control field 090401t1993 xxu||||| |||| 00| 0 eng d
035 ## - SYSTEM CONTROL NUMBER
System control number (Sirsi) u35857
041 ## - LANGUAGE CODE
Language code of text/sound track or separate title eng
050 ## - LIBRARY OF CONGRESS CALL NUMBER
Classification number 333.73
100 ## - MAIN ENTRY--PERSONAL NAME
Personal name Wilbourn, Philip
245 ## - TITLE STATEMENT
Title Contaminated land (past pollution - a present problem?) (Sound recording).
260 ## - PUBLICATION, DISTRIBUTION, ETC.
Place of publication, distribution, etc. London
Name of publisher, distributor, etc. RICS and the College of Estate Managemen
Date of publication, distribution, etc. 1993
300 ## - PHYSICAL DESCRIPTION
Extent 1 sound cassette (60 min)
350 ## - PRICE (NR) (BK AM CF MU VM SE) [OBSOLETE]
Price 10.21
490 ## - SERIES STATEMENT
Series statement Owlion Audio Programme
520 ## - SUMMARY, ETC.
Summary, etc. COPIES NO LONGER AVAILABLE. TAPE AVAILABLE FOR LOAN AS PART OF THE CPD STUDY PACK Contaminated Land and Pollution Control (ISBN 0947763791). The aim of this programme is to define what is meant by contaminated land, to establish whether or not past pollution presents a current problem, and to identify the responsibilities of surveyors in advising their clients as to how they might avoid falling foul of the law.
650 ## - SUBJECT ADDED ENTRY--TOPICAL TERM
Topical term or geographic name entry element CONTAMINATED LAND
650 ## - SUBJECT ADDED ENTRY--TOPICAL TERM
Topical term or geographic name entry element ENVIRONMENTAL ISSUES
650 ## - SUBJECT ADDED ENTRY--TOPICAL TERM
Topical term or geographic name entry element ENVIRONMENTAL PROTECTION ACT 1990
690 ## - LOCAL SUBJECT ADDED ENTRY--TOPICAL TERM (OCLC, RLIN)
Topical term or geographic name as entry element ENVIRONMENTAL AND LAND CONSULTANCY
700 ## - ADDED ENTRY--PERSONAL NAME
Personal name Cave, Alan
700 ## - ADDED ENTRY--PERSONAL NAME
Personal name Jackson, Neil
700 ## - ADDED ENTRY--PERSONAL NAME
Personal name Stapleton, Tim
700 ## - ADDED ENTRY--PERSONAL NAME
Personal name Thompson, Hilary
710 ## - ADDED ENTRY--CORPORATE NAME
Corporate name or jurisdiction name as entry element Royal Institution of Chartered Surveyors
9 (RLIN) 4900
710 ## - ADDED ENTRY--CORPORATE NAME
Corporate name or jurisdiction name as entry element College of Estate Management
9 (RLIN) 400
942 ## - ADDED ENTRY ELEMENTS (KOHA)
Suppress in OPAC 0
948 ## - LOCAL PROCESSING INFORMATION (OCLC); SERIES PART DESIGNATOR (RLIN)
c (OCLC) 04/03/1997
Holdings
Withdrawn status Lost status Source of classification or shelving scheme Damaged status Not for loan Home library Current library Shelving location Date acquired Cost, normal purchase price Total Checkouts Full call number Barcode Date last seen Date last checked out Copy number Cost, replacement price Price effective from Koha item type
    Dewey Decimal Classification     London London Basement 06/10/1999 10.21 15 SHELF 330 30039666 06/08/2019 03/03/2003 1 10.21 06/08/2019 Audio